| 000 | 00396nam a22001457a 4500 | ||
|---|---|---|---|
| 082 |
_a692.1 _bMIT _cL-14, P-20 |
||
| 100 |
_aMitchell, George A. _945460 |
||
| 245 |
_aBuilding construction _cGeorge A. Mitchell |
||
| 250 | _a18th | ||
| 260 |
_aLondon _bB. T. Batsford Ltd _c1946 |
||
| 300 | _aviii, 528 p. : | ||
| 526 |
_a0 _b0 _c0 _d692_100000000000000_MIT |
||
| 650 |
_aMCE _9379 |
||
| 942 |
_2ddc _cBK |
||
| 999 |
_c549019 _d549019 |
||